Bài tập vẽ kĩ thuật cơ khí

Saved in:
Bibliographic Details
Main Author: Trần, Hữu Quế
Format: Book
Language:Undetermined
Published: Hà Nội Giáo dục 2003
Subjects:
Tags: Add Tag
No Tags, Be the first to tag this record!
Institutions: Trung tâm Học liệu Trường Đại học Cần Thơ
LEADER 00605nam a2200205Ia 4500
001 CTU_59981
008 210402s9999 xx 000 0 und d
020 |c 19300 
082 |a 604.2076 
082 |b Qu250/T.2 
100 |a Trần, Hữu Quế 
245 0 |a Bài tập vẽ kĩ thuật cơ khí 
245 0 |c Trần Hữu Quế, Nguyễn Văn Tuấn 
260 |a Hà Nội 
260 |b Giáo dục 
260 |c 2003 
650 |a mechanical drawing 
650 |x problems, exercises, etc. 
904 |i Minh 
980 |a Trung tâm Học liệu Trường Đại học Cần Thơ